• 首页
  • 本馆介绍
  • 公告通知
  • 最新文献
  • 馆藏检索
  • 电子资源
  • 读者导购
  • 参考咨询
  • 我的图书馆
  • 登录
  • 详细信息显示
  • 放入我的书架
  • 预约/预借图书
  • 作者相关作品
  • 分类相关作品
  • 丛书相关作品
  • 出版社相关作品

书目信息

  • 表格格式
  • 工作单格式
  • 卡片格式
题名:
舞蹈编导与训练研究
    
 
作者: 马璇 , 马强 著
分册:  
出版信息: 北京   现代出版社  2020.1
页数: 97页
开本: 21cm
丛书名:
单 册:
中图分类: J711.3
科图分类:
主题词: 舞蹈编导--研究 , 舞蹈训练--研究
电子资源:
ISBN: 978-7-5143-7595-4
000 00813nam0 2200253 45
001 490174
005 20140817203319.0
010    @a978-7-5143-7595-4@dCNY29.80
100    @a20201105d2020 em y0chiy0110 ea
101 0  @achi
102    @aCN@b110000
105    @ay z 000yy
106    @ar
200 1  @a舞蹈编导与训练研究@Awu dao bian dao yu xun lian yan jiu@f马璇, 马强著
210    @a北京@c现代出版社@d2020.1
215    @a97页@d21cm
330    @a本书内容分为:现代舞训练、舞蹈技巧、舞蹈编导基础共三章,包括:现代舞训练概述、地面训练、中间训练、综合训练、现代舞训练中的即兴练习等小节。
606 0  @a舞蹈编导@x研究
606 0  @a舞蹈训练@x研究
690    @aJ711.3@v5
701  0 @a马璇@Ama xuan@4著
701  0 @a马强@Ama qiang@4著
801    @aCN@b江苏凤凰@c20211018
905    @b1355923-6@dJ711.3@e329@f4
    
    舞蹈编导与训练研究/马璇, 马强著.-北京:现代出版社,2020.1
    97页;21cm
    
    
    ISBN 978-7-5143-7595-4:CNY29.80
    本书内容分为:现代舞训练、舞蹈技巧、舞蹈编导基础共三章,包括:现代舞训练概述、地面训练、中间训练、综合训练、现代舞训练中的即兴练习等小节。
●
相关链接 在E读中查询图书 在五车中查询图书 在当当中查询图书 在豆瓣中查询图书


正题名:舞蹈编导与训练研究     索取号:J711.3/329         预约/预借

序号 登录号 条形码 馆藏地/架位号 状态 备注
1 1355923   213559237   第一样本阅览室/ [索取号:J711.3/329] 在馆    
2 1355924   213559246   第一借阅区/ [索取号:J711.3/329] 在馆    
3 1355925   213559255   第一借阅区/ [索取号:J711.3/329] 在馆    
4 1355926   213559264   第一借阅区/ [索取号:J711.3/329] 在馆    
唐山师范学院图书馆 欢迎您!
大连网信软件有限公司© 版权所有